TENWEK HOSP HOME | SOC  | ASK A LIBRARIANSTAFF LOGIN  |  DIGITAL REPOSITORYe-BOOK PORTAL  |  OFF-CAMPUS PORTAL  |  DONATE

The faith of Shīʻa Islam / (Record no. 87)

MARC details
000 -LEADER
fixed length control field 00917nam a2200265 a 4500
001 - CONTROL NUMBER
control field 4243274
003 - CONTROL NUMBER IDENTIFIER
control field Ke-BoTe
005 - DATE AND TIME OF LATEST TRANSACTION
control field 20211104113604.0
008 - FIXED-LENGTH DATA ELEMENTS--GENERAL INFORMATION
fixed length control field 830610t19831982nyu 000 0 eng
010 ## - LIBRARY OF CONGRESS CONTROL NUMBER
LC control number 83050153
020 ## - INTERNATIONAL STANDARD BOOK NUMBER
International Standard Book Number 0940368269 (pbk.) :
Terms of availability $3.00
040 ## - CATALOGING SOURCE
Original cataloging agency DLC
Transcribing agency DLC
Modifying agency DLC
041 1# - LANGUAGE CODE
Language code of text/sound track or separate title engara
050 00 - LIBRARY OF CONGRESS CALL NUMBER
Classification number BP194
Item number .M8713 1983
082 00 - DEWEY DECIMAL CLASSIFICATION NUMBER
Classification number 297/.2042
Edition number 19
100 1# - MAIN ENTRY--PERSONAL NAME
Personal name Muẓaffar, Muḥammad Riḍa,
Dates associated with a name 1904-
9 (RLIN) 290
240 10 - UNIFORM TITLE
Uniform title ʻAqāʾid al-Imāmīyah.
Language of a work English
245 14 - TITLE STATEMENT
Title The faith of Shīʻa Islam /
Statement of responsibility, etc. Muḥammad Riḍā al-Muẓaffar.
260 ## - PUBLICATION, DISTRIBUTION, ETC.
Place of publication, distribution, etc. Baldwin, N.Y. :
Name of publisher, distributor, etc. Anjumane Aza Khana-E-Zahra ;
Place of publication, distribution, etc. London, England :
Name of publisher, distributor, etc. Muhammadi Trust of Great Britain & Northern Ireland,
Date of publication, distribution, etc. 1983, c1982.
300 ## - PHYSICAL DESCRIPTION
Extent 89 p. ;
Dimensions 21 cm.
500 ## - GENERAL NOTE
General note Translation of: ʻAqāʾid al-Imāmīyah.
650 #0 - SUBJECT ADDED ENTRY--TOPICAL TERM
Topical term or geographic name entry element Shīʻah
General subdivision Doctrines.
9 (RLIN) 291
906 ## - LOCAL DATA ELEMENT F, LDF (RLIN)
a 7
b cbc
c orignew
d 3
e ocip
f 19
g y-gencatlg
942 ## - ADDED ENTRY ELEMENTS (KOHA)
Source of classification or shelving scheme Library of Congress Classification
Koha item type Books
Suppress in OPAC No
Holdings
Withdrawn status Lost status Source of classification or shelving scheme Damaged status Not for loan Collection code Home library Current library Shelving location Date acquired Total Checkouts Full call number Barcode Date last seen Price effective from Koha item type
    Library of Congress Classification     Non-fiction SCHOOL OF CHAPLAINCY SCHOOL OF CHAPLAINCY General Stacks 04.11.2021   BP194.M8713 1983 2511042021 04.11.2021 04.11.2021 Books